000 02471nam a2200265 4500
003 OSt
005 20210819172119.0
008 210819b2014 sp ad||gr ||| 00| 0 spa d
020 _a9788492954988
040 _aCO-JMCR
_cCO-JMCR
041 _aspa
082 0 4 _a658.15 /
_bT874e
_223
100 1 _aTruyols Mateu, Sebastían,
_eautor
_95781
245 1 0 _aEconomía y empresa para ingeniería de edificios /
_cSebastían Truyols Mateu, Daniel García de Frutos, Javier Moreno Arnaz
260 _aMadrid, Colombia :
_bDelta,
_c2014.
300 _a316 páginas :
_bilustraciones y gráficas en blanco y negro ;
_c24 cm.
505 _aProducción y costes. -- La empresa: aspectos básicos. -- Tipos de sociedades. -- Impuestos. -- El profesional autónomo. -- La inversión y sus métodos de cálculo. -- Amortización, préstamos y medios de pago. -- Principios de contabilidad I. -- Principios de contabilidad II.
520 0 _aHoy en día, de una forma cada vez más frecuente, los Ingenieros de Edificación, vienen ocupando cargos gerenciales no sólo en pequeñas y medianas empresas relacionadas con la promoción y construcción de viviendas, sino también en grandes empresas de obra civil y pública de manera que la preparación a nivel empresarial y sus conocimientos a nivel económico son cada vez más valorados. Esta obra pretende, de un modo directo y sintético, dar respuesta a esa de manda tanto del mercado laboral como en la preparación que para la mejora profesional se requiere. Siendo conscientes de estas circunstancias, los autores han pretendido dotarla de todos aquellos elementos que, desde un punto de vista general, pero suficiente, ha de conocer el Ingeniero de Edificación. Y, en este sentido, han procurado estructurar la misma partiendo del conocimiento de los elementos económicos y de los puramente empresariales que el alumno y el profesional necesitarán para su completa formación, entre ellos, la producción y los costes, la empresa y sus obligaciones, el profesional autónomo, los impuestos, el análisis de la inversión, las amortizaciones y los conocimientos contables suficientes que permitan la correcta llevanza de la empresa.
650 1 4 _2Economía
_xempresas
_939529
650 2 4 _2Ingeriría
_xEconomía
_939530
650 2 4 _2ingeniería de edificaciones
_xEconomía
_939530
700 1 _aGarcía de Frutos, Daniel,
_eautor
_939531
700 1 _aMoreno Arnaz, Javier,
_eautor
_939532
942 _2ddc
_cBK
999 _c15577
_d15577